| 000 | 00654nam a22002177a 4500 | ||
|---|---|---|---|
| 999 |
_c11407 _d11407 |
||
| 003 | AR-CdUCM | ||
| 008 | 190403b ||||| |||| 00| 0 spa d | ||
| 040 |
_aMUNICIPALIDAD PROVINCIAL DEL CUSCO _cBIBLIOTECA MUNICIPAL DEL CUSCO |
||
| 082 |
_a869.56 / _bB41V / 1960 |
||
| 100 |
_aBenavente, Vicente _95107 |
||
| 245 |
_aVientos de Amor : _bAntología / |
||
| 260 |
_aJuliaca : _bEdiciones Cielo y Tierra, _c1962. |
||
| 300 | _c14 cm. | ||
| 500 | _aTexto sin número de páginas. | ||
| 505 | _aContenido: Poesía. | ||
| 650 |
_aLiteratura Peruana _9132 |
||
| 650 |
_aSiglo XX _98 |
||
| 650 |
_aAntología _9142 |
||
| 942 |
_2ddc _cLIBROS |
||
| 945 | _aachl | ||